|
|
|
|
| LEADER |
00900nab#a2200301#ar4500 |
| 001 |
000098113 |
| 003 |
SVKKK |
| 005 |
20091026145723.0 |
| 008 |
090619c2009 xo |||||||||||||||b|slo |
| FMT |
|
|
|
| 038 |
|
|
|a SVKKK
|
| 040 |
|
|
|a SVKKK
|b slo
|e AACR2
|
| 041 |
0 |
|
|a cze
|b cze
|
| 044 |
|
|
|a xr
|c CZ
|
| 080 |
|
|
|a 669.721.5:621.74.043.2
|2 1997
|
| 080 |
|
|
|a 621.74.043.2
|2 1997
|
| 100 |
1 |
|
|a Matula, Libor
|4 aut
|
| 245 |
1 |
0 |
|a Zkušenosti z experimentálního tlakového odlévání hořčíku ve slévárne KOVOLIT, a. s. Modřice
|c Libor Matula
|
| 300 |
|
|
|b Fotogr., obr., tab.
|
| 610 |
2 |
4 |
|a KOVOLIT (zlievarenská spoločnosť : Modřice, Česko)
|
| 650 |
0 |
4 |
|a zliatiny horčíka
|x odliatky
|x výroba
|x experimenty
|
| 650 |
0 |
4 |
|a odliatky
|
| 773 |
0 |
|
|t Slévárenství
|g Roč. 57, č. 9-10 (2009), s. 358-360
|x 0037-6825
|
| 974 |
|
|
|a MI
|
| 992 |
|
|
|a RBX
|
| BAS |
|
|
|
| 852 |
|
|
|a SVKKK
|b BIB
|
| 998 |
|
|
|a HUT
|